Statistics for Rubik's Cube Quiz

Click here to take the quiz!

General Stats

  • This quiz has been taken 929 times
    (169 since last reset)
  • The average score is 8 of 13

Answer Stats

QuestionAnswer% Correct
How many sides does a generic Rubik's Cube have?Six Sides
98%
Who created the Rubik's Cube?Erno Rubik
95%
What is the name of the cube that is shaped like a pyramid?Pyraminx
87%
Who beat the time above in 2017 with a solve time of 4.73 seconds?Feliks Zemdegs
73%
Who beat the time above in 2018 with a solve time of 4.22 seconds?Feliks Zemdegs
73%
Approximately how many combinations are there in a 3x3 Rubik's Cube?43 Quintillion
58%
What year was the Rubik's Cube invented?1974
57%
Who beat the time above in 2018 with a solve time of 3.47 seconds?Yusheng Du
49%
Who held the record for a single solve of 5.55 seconds from 2013-2015?Mats Valk
45%
Who beat the time above in 2017 with a solve time of 4.74 seconds?Mats Valk
45%
Who beat the time above in 2016 with a solve time of 4.90 seconds?Lucas Etter
30%
Who created the pyramid-shaped cube?Uwe Meffert
23%
Who beat the time above in 2017 with a solve time of 4.69 seconds?Patrick Ponce
20%

Score Distribution

Percentile by Number Answered

Percent of People with Each Score

Your Score History

You have not taken this quiz since the last reset